Top Double Letter Boy Names per Decade Quiz Stats

Quiz Updated Dec 20, 2014

Challenge
Share
Tweet
Embed
Score 0/60 Timer 08:00
0 Plays Today
Decade Names % Correct
1960William
80.5%
1970William
80.5%
1980William
80.5%
1990William
80.5%
2000William
80.5%
2010William
79.5%
1960Matthew
72.9%
1970Matthew
72.9%
1980Matthew
72.9%
1990Matthew
72.9%
2000Matthew
72.9%
2010Matthew
72%
1970Aaron
61.8%
1980Aaron
61.8%
1990Aaron
61.8%
2000Aaron
61.8%
2010Aaron
61%
1960Larry
51.7%
1970Larry
51.7%
1960Jeffrey
48.4%
1970Jeffrey
48.4%
1980Jeffrey
48.4%
1990Jeffrey
48.4%
1960Jerry
46.5%
1970Jerry
46.5%
1980Phillip
43.4%
1960Kenneth
40.1%
1970Kenneth
40.1%
1980Kenneth
40.1%
1990Kenneth
40.1%
Decade Names % Correct
2000Kenneth
40.1%
1960Terry
39%
1960Scott
34.1%
1970Scott
34.1%
1980Scott
34.1%
1990Scott
34.1%
1960Dennis
33.1%
1970Dennis
33.1%
1980Jesse
33%
1990Jesse
33%
2000Jesse
33%
1990Connor
32.8%
2000Connor
32.8%
2000Isaac
32.4%
2010Connor
30.9%
2010Isaac
30.7%
2010Collin
21.8%
2000Cooper
21.3%
1990Mitchell
20.7%
1980Derrick
20.3%
1960Todd
20.3%
1970Todd
20.3%
2010Cooper
20.2%
1980Brett
19.9%
1990Garrett
18%
2000Garrett
18%
2000Wyatt
14.7%
2010Wyatt
13.9%
2010Maxwell
13.2%
2010Giovanni
6.5%

You're not logged in!

Compare scores with friends on all Sporcle quizzes.
Sign Up with Email
OR
Log In

You Might Also Like...

Show Comments

Extras

Top Quizzes Today


Score Distribution

Your Account Isn't Verified!

In order to create a playlist on Sporcle, you need to verify the email address you used during registration. Go to your Sporcle Settings to finish the process.